• 首页
  • 本馆介绍
  • 公告通知
  • 最新文献
  • 馆藏检索
  • 电子资源
  • 读者导购
  • 参考咨询
  • 我的图书馆
  • 登录
  • 详细信息显示
  • 放入我的书架
  • 预约/预借图书
  • 作者相关作品
  • 分类相关作品
  • 丛书相关作品
  • 出版社相关作品

书目信息

  • 表格格式
  • 工作单格式
  • 卡片格式
题名:
比较教育价值论
    
 
作者: 褚远辉 著
分册:  
出版信息: 北京   中国社会科学出版社  2019
页数: 237页
开本: 24cm
丛书名: 云南省哲学社会科学成果文库
单 册:
中图分类: G40-059.3
科图分类:
主题词: 比较教育学--bi jiao jiao yu xue--价值论(哲学)
电子资源:
ISBN: 978-7-5203-1796-2
000 01142nam 2200289 450
001 012001002967
005 20131101091253.0
010    @a978-7-5203-1796-2@dCNY68.00
099    @aCAL 012019011577
100    @a20190215d2019 ekmy0chiy50 ea
101 0  @achi
102    @aCN@b110000
105    @ay a 000yy
106    @ar
200 1  @a比较教育价值论@Abi jiao jiao yu jia zhi lun@f褚远辉著
210    @a北京@c中国社会科学出版社@d2019
215    @a237页@d24cm
225 2  @a云南省哲学社会科学成果文库@Ayun nan sheng zhe xue she hui ke xue cheng guo wen ku
320    @a有书目 (第213-234页)
330    @a本书从比较教育价值概念的界定、比较教育价值研究的意义、比较教育价值思想的发展演变、比较教育价值的分类和比较教育价值的实现等几个方面构建了比较教育价值论。一方面,填补了相关学术研究领域中的一个空白;另一方面也促进了比较教育学科体系的建设与完善。
333    @a教育学研究人员
410  0 @12001 @a云南省哲学社会科学成果文库
606 0  @a比较教育学@Abi jiao jiao yu xue@x价值论(哲学)
690    @aG40-059.3@v5
701  0 @a褚远辉@Achu yuan hui@4著
801  2 @aCN@b江苏凤凰@c20191020
905    @b1231411-5@dG40-059.3@e1044@f5
    
    比较教育价值论/褚远辉著.-北京:中国社会科学出版社,2019
    237页;24cm.-(云南省哲学社会科学成果文库)
    使用对象:教育学研究人员
    
    ISBN 978-7-5203-1796-2:CNY68.00
    本书从比较教育价值概念的界定、比较教育价值研究的意义、比较教育价值思想的发展演变、比较教育价值的分类和比较教育价值的实现等几个方面构建了比较教育价值论。一方面,填补了相关学术研究领域中的一个空白;另一方面也促进了比较教育学科体系的建设与完善。
●
相关链接 在E读中查询图书 在五车中查询图书 在当当中查询图书 在豆瓣中查询图书


正题名:比较教育价值论     索取号:G40-059.3/1044         预约/预借

序号 登录号 条形码 馆藏地/架位号 状态 备注
1 1231411   212314119   第一样本阅览室/ [索取号:G40-059.3/1044] 在馆    
2 1231412   212314128   教育系资料室/ [索取号:G40-059.3/1044] 在馆    
3 1231413   212314137   教育系资料室/ [索取号:G40-059.3/1044] 在馆    
4 1231414   212314146   第四借阅区/ [索取号:G40-059.3/1044] 在馆    
5 1231415   212314155   第四借阅区/ [索取号:G40-059.3/1044] 在馆    
唐山师范学院图书馆 欢迎您!
大连网信软件有限公司© 版权所有